UGC(Net)Examination Guide Paper-1: (Record no. 157084)

MARC details
000 -LEADER
fixed length control field 00633nam a22002057a 4500
005 - DATE AND TIME OF LATEST TRANSACTION
control field 20180907160940.0
010 ## - LCCN (DPL NO)
LC control number B-079252
020 ## - INTERNATIONAL STANDARD BOOK NUMBER
International Standard Book Number 8170003172
Terms of availability 595.00
035 ## - SYSTEM CONTROL NUMBER
System control number B-079252
037 ## - SOURCE OF ACQUISITION
Source of stock number/acquisition DPL
082 ## - DEWEY DECIMAL CLASSIFICATION NUMBER
Classification number 000
100 ## - MAIN ENTRY--PERSONAL NAME
Personal name Lal,C
245 ## - TITLE STATEMENT
Title UGC(Net)Examination Guide Paper-1:
Remainder of title Objective Questions (General A Wareness And Reasoning)/
Statement of responsibility, etc by C.Lal
260 ## - PUBLICATION, DISTRIBUTION, ETC. (IMPRINT)
Place of publication, distribution, etc New Delhi
Name of publisher, distributor, etc Ess Ess Publications
Date of publication, distribution, etc 2002
270 ## - ADDRESS
Address 4837/24,Ansari Road, Darya Ganj,
City Delhi
Postal code 110002
300 ## - PHYSICAL DESCRIPTION
Extent 477p.
Dimensions 20 cm (Hp)
600 ## - SUBJECT ADDED ENTRY--PERSONAL NAME
Dates associated with a name K.Kumar
942 ## - ADDED ENTRY ELEMENTS (KOHA)
Source of classification or shelving scheme Dewey Decimal Classification
Item type English Books
Edition 2002
Classification part 000
Call number suffix LAL
Holdings
Withdrawn status Lost status Not for loan Collection code Home library Current library Date acquired Source of acquisition Cost, normal purchase price Full call number Barcode Cost, replacement price Koha item type
      Non-fiction Central Library Central Library 06/09/2018 Purchase 595.00 000 LAL B-079252 595.00 English Books

© Delhi Public Library
Hit Counter
free hit counter